000 00640nam a22002052 4500
001 0000007205
005 20151217152026.0
008 071130s xx 000 0 eng d
020 _a1403987025 :
_cKES 2250
040 _aKABU
_cKABU
100 1 _aFurnham, Adrian.
_@0000150717
245 1 0 _aManagement mumbo-jumbo :
_ba skeptics' dictionary /
_cAdrian Furnham.
260 _aBasingstoke, England :
_bPalgrave Macmillan,
_c2006.
300 _axii, 166 p.
650 0 _aManagement.
_@0000083920
908 _a071130
950 _@1
999 _c7451
_d7451